Law of copyright and neighbouring rights : (Record no. 92598)

MARC details
000 -LEADER
fixed length control field 00668nam a22002057a 4500
005 - DATE AND TIME OF LATEST TRANSACTION
control field 20150429120033.0
010 ## - LCCN (DPL NO)
LC control number ENG-112441
020 ## - INTERNATIONAL STANDARD BOOK NUMBER
International Standard Book Number 9789351433903
Terms of availability 650.00
035 ## - SYSTEM CONTROL NUMBER
System control number EN-95973
037 ## - SOURCE OF ACQUISITION
Source of stock number/acquisition DBAD/PUB
082 ## - DEWEY DECIMAL CLASSIFICATION NUMBER
Classification number 346.540482
100 ## - MAIN ENTRY--PERSONAL NAME
Personal name Ahuja, V.K.
245 ## - TITLE STATEMENT
Title Law of copyright and neighbouring rights :
Statement of responsibility, etc by V.K. Ahuja
Remainder of title national and international perspectives /
250 ## - EDITION STATEMENT
Edition statement 2nd ed
260 ## - PUBLICATION, DISTRIBUTION, ETC. (IMPRINT)
Place of publication, distribution, etc Gurgaon
Name of publisher, distributor, etc LexisNexis
Date of publication, distribution, etc 2015
270 ## - ADDRESS
Address 14th Floor, Building No.10, Tower-B,DLF Cyber City, Phase-II,
City Gurgaon
Postal code 122002
300 ## - PHYSICAL DESCRIPTION
Extent xxxvi,539p.
Dimensions 23cm(pbk)
500 ## - GENERAL NOTE
General note Includes index
942 ## - ADDED ENTRY ELEMENTS (KOHA)
Source of classification or shelving scheme Dewey Decimal Classification
Item type English Books
Call number suffix AHU
Classification part 346.540482
Holdings
Withdrawn status Lost status Not for loan Collection code Home library Current library Date acquired Source of acquisition Cost, normal purchase price Full call number Barcode Copy number Cost, replacement price Koha item type
    Not For Loan Non-fiction D.B.Act.Division D.B.Act.Division 30/03/2015 DBAD/PUB 650.00 346.540482 AHU EN-95973 1 650.00 English Books

© Delhi Public Library
Hit Counter
free hit counter